000 00636nam a22002057a 4500
005 20231211115806.0
010 _aENG-138575
020 _c251.00
_a9789392568466
035 _aEN-122107
037 _bDBAD/PUB
082 _a510
100 _aBiswas,subhashish
_959712
245 _aFundamental Of Abstract Algebra/
_cBy Shubhashish biswas And Rajoo
250 _a1
260 _aChhattisgarh
_bAditi Publication
_c2023
270 _bChhattisgarh
_aOpp,New Panchajanya Vidya Mandir Near Tiranga Chowk, Kushalpur Raipur,
300 _a259p.
_c20cm(pbk)
700 _aRajoo
_959481
942 _2ddc
_cEN
_h510
_mBIS
999 _c199471
_d199471